000
00486nam a2200181Ia 4500
008
090124s9999 xx 000 0 und d
082
_b
18694
100
_a
बुवा वि. आ.
245
_a
फिरकी
250
_a
0
260
_b
भारतीय प्रकाशन मंदिर
300
_a
83
600
_a
बुवा वि. आ.
630
_a
फिरकी
700
_a
बुवा वि. आ.
730
_a
फिरकी
942
_c
BOOK
999
_c
95479
_d
95479